Random Country Capitals - Statistics

General Stats
  • This quiz has been taken 531 times
  • The average score is 12 of 15
Answer Stats
Hint Answer % Correct
Iran Tehran
97%
Phillipines Manilla
96%
Tunisia Tunis
96%
New Zealand Wellington
96%
Chile Santiago
95%
Nepal Kathmandu
93%
Uruguay Montevideo
90%
Serbia Belgrade
89%
Yemen Sanaa
80%
Turkmenistan Ashgabat
72%
Honduras Tegucigalpa
70%
Sri Lanka Sri Jayawardenepura Kotte
67%
Myanmar Naypyidaw
66%
Fiji Suva
66%
Mauritania Nouakchott
55%
No matching quizzes found
Score Distribution
Percent of People with Each Score
Percentile by Number Answered
Your Score History
You have not taken this quiz